| 000 | 01021nam a22003257a 4500 | ||
|---|---|---|---|
| 003 | CHAP | ||
| 005 | 20220329143648.0 | ||
| 008 | 101126s1991 us a r 00010 eng d | ||
| 010 | _a99968 | ||
| 011 | _a100940 | ||
| 020 | _a0840337027 | ||
| 035 | _a111626 | ||
| 040 | _cCHAP | ||
| 082 | 1 | 4 |
_a595.7 _bIm62 |
| 245 | 0 | 0 |
_aImmature insects _c/editado por Frederick W. Stehr |
| 260 |
_aDubuque, Iowa : _bKendall / Hunt, _cc1991 |
||
| 300 |
_a754 p. : _bilus., tablas |
||
| 590 |
_aBATCH-UPD _b10 _c20130110 _lUCH01 _h1408 |
||
| 590 |
_aBATCH-UPD _b10 _c20130410 _lUCH01 _h0856 |
||
| 590 |
_aBATCH-UPD _b10 _c20130914 _lUCH01 _h1647 |
||
| 590 |
_aCONVERSION _b10 _c20130109 _lUCH01 _h1355 |
||
| 650 | 1 | 4 |
_aInsectos _xAnatomía y fisiología. _958891 |
| 650 | 1 | 4 |
_aInsectos _xIdentificación. _958929 |
| 650 | 1 | 4 |
_aInsectos _xLarvas. _958932 |
| 700 | 0 |
_aStehr, Frederick W. _e, ed. _9109595 |
|
| 901 | _aBK | ||
| 911 | _aen proceso | ||
| 942 | _cLIBRO | ||
| 949 |
_a595.7 Im62 _bBC _cLIBRO _d33724002226256 _eLIBRO _h113909 _i111626 _si |
||
| 999 |
_c99968 _d99968 |
||